00391nam a2200157Ia 45000010006000000050017000060080041000230410008000640820015000721000040000872450054001272600009001813000027001906500008002176540008002252083020260306172834.0260306t2014||||xx |||||||||||||| ||spa|| aESP a343.8bF42 aFernández Ventosilla, ArturoeAUT 0aIndemnizaciones, penalidades, arras y garantías c2014 a71 páginas :c24 cm. aGEN aCDE